000 00368nam a2200145Ia 4500
008 220204s9999 xx 000 0 und d
082 _a678.6
_bECO
245 0 _aNew and speciality fibers
260 _aNew York
_bJohn Wiley
_c1976
650 _aCarbon fibers
650 _aReinforcing fibers
650 _aSynthetic fibers
700 _aEconomy, James
942 _cBK
999 _c28257
_d28257